|
|
|
|
| LEADER |
00000nam0a2200000 4500 |
| 001 |
332319 |
| 005 |
20231102004438.0 |
| 035 |
|
|
|a (RuTPU)RU\TPU\book\358236
|
| 035 |
|
|
|a RU\TPU\book\358235
|
| 090 |
|
|
|a 332319
|
| 100 |
|
|
|a 20170519d1980 k y0rusy5003 ca
|
| 101 |
0 |
|
|a rus
|
| 102 |
|
|
|a RU
|
| 105 |
|
|
|a a z 001zy
|
| 200 |
1 |
|
|a Нефтегазоносность Европейского Севера СССР
|f Академия наук СССР (АН СССР), Коми филиал, Институт геологии (ИГ) ; отв. ред. В. А. Дедеев ; В. П. Якуцени
|
| 210 |
|
|
|a Сыктывкар
|c Изд-во Коми филиал АН СССР
|d 1980
|
| 215 |
|
|
|a 91 с.
|c ил.
|
| 225 |
1 |
|
|a Труды института геологии Коми НЦ УрО АН СССР
|v Вып. 32
|
| 320 |
|
|
|a Библиография в конце статей
|
| 606 |
1 |
|
|a Нефтегазоносность
|2 stltpush
|3 (RuTPU)RU\TPU\subj\45590
|9 64783
|
| 610 |
1 |
|
|a Европейский Север
|
| 610 |
1 |
|
|a СССР
|
| 610 |
1 |
|
|a Московская синеклиза
|
| 610 |
1 |
|
|a Мезенская синеклиза
|
| 610 |
1 |
|
|a сравнительный прогноз
|
| 610 |
1 |
|
|a додевонские отложения
|
| 610 |
1 |
|
|a Тимано-Печорский бассейн
|
| 610 |
1 |
|
|a газообразование
|
| 610 |
1 |
|
|a разломная тектоника
|
| 610 |
1 |
|
|a глубинное строение
|
| 675 |
|
|
|a 553.98
|z rus
|v 3
|
| 702 |
|
1 |
|a Дедеев
|b В. А.
|4 340
|
| 702 |
|
1 |
|a Якуцени
|b В. П.
|4 340
|
| 712 |
0 |
2 |
|a Академия наук СССР (АН СССР)
|b Коми филиал
|b Институт геологии (ИГ)
|c (Сыктывкар)
|c (1958-1987)
|2 stltpush
|3 (RuTPU)RU\TPU\col\11375
|
| 801 |
|
0 |
|a RU
|b RuMRKP
|c 19950704
|g psbo
|
| 801 |
|
1 |
|a RU
|b 63413507
|c 20141121
|
| 801 |
|
2 |
|a RU
|b 63413507
|c 20170523
|g RCR
|
| 942 |
|
|
|c BK
|